Spotřební elektronika

Salvato in:
Dettagli Bibliografici
Autore principale: Opatrný, Petr (Autore)
Natura: Libro
Lingua:ceco
Pubblicazione: Bratislava : Alfa, 1984
Edizione:1. vyd.
Tags: Aggiungi Tag
Nessun Tag, puoi essere il primo ad aggiungerne!!

MARC

LEADER 00000nam a22000003a 4500
001 stu25829
005 20150617225743.7
008 980529s1984------------------------cze-d
040 |a STU  |b slo 
041 0 |a cze 
100 1 |a Opatrný, Petr  |4 aut 
245 1 |a Spotřební elektronika 
250 |a 1. vyd. 
260 |a Bratislava :  |b Alfa,  |c 1984 
300 |a 215 s 
996 |b 284ES17014  |c E*S-22043  |l EE01  |s A  |a 24  |w stu25829_0001